| 000 | 00632cab a2200217 4500 | ||
|---|---|---|---|
| 001 | WB3418-10 | ||
| 008 | 090401t1998 xxu||||| |||| 00| 0 eng d | ||
| 035 | _a(Sirsi) u86214 | ||
| 041 | _aeng | ||
| 245 | _aCaerphilly County Borough Council | ||
| 260 | _c1998 | ||
| 350 | _a0 | ||
| 490 |
_aWestern Mail _vSupplement 12 May 1998 (8) LOAN |
||
| 520 | _aSurvey on the results of Caerphilly CBC`s collaboration with the Welsh Development Agency. | ||
| 650 | _aCAERPHILLY | ||
| 650 | _aINWARD INVESTMENT | ||
| 650 | _aWELSH DEVELOPMENT AGENCY | ||
| 690 | _aPROPERTY-PROPERTY DEVELOPMENT | ||
| 942 | _n0 | ||
| 948 | _c14/05/1998 | ||
| 999 |
_c54235 _d54235 |
||